| 000 | 00334nam a2200133 i 4500 | ||
|---|---|---|---|
| 001 | bg | ||
| 100 | 1 |
_aZienkiewicz, Olgierd Cecil _d(1921-2009). |
|
| 245 | 0 |
_aThe Finite Element Methods / _cO.C. Zienkiewicz. |
|
| 260 |
_aLondon, _c1977. |
||
| 040 | _cBPK | ||
| 041 | _apol | ||
| 942 | _cKS | ||
| 008 | s pl f |000 0 pol | ||
| 999 |
_c18829 _d18829 |
||
| 856 |
_uhttp://koha.tu.koszalin.pl/cgi-bin/koha/opac-detail.pl?biblionumber=18829 _yKatalog online BPK |
||